Statistiques concernant Films avec Arielle Dombasle par image

Cliquez ici pour prendre le quiz!

Statistiques générales

  • Ce quiz a été pris 7 fois
  • Le résultat moyen est 3 sur 16

Statistiques - réponses

Réponse% Correct
Astérix et Obélix contre César
71%
Pauline à la plage
57%
Alibi.com 2
43%
Un Indien dans la ville
43%
Sagan
29%
Amazone
14%
L'Ennui
14%
Les Fruits de la passion
14%
Le Temps Retrouvé
14%
Deux
0%
L'Arbre, le Maire et la Médiathèque
0%
Le Jour et la Nuit
0%
Le Libertin
0%
Les Âmes Fortes
0%
Les Pyramides Bleues
0%
Los Motivos de Berta
0%

Distribution des résultats

Percentile par nombre de réponses

% des personnes avec chaque résultat

Votre développement - résultats

Vous n’avez pas pris ce quiz